000 02330nam0a2200397 4500
001 RU\NLR\bibl\1235038
005 20260406104550.0
010 _a978-5-377-01538-3
_910000
021 _aRU
_b2008-26353
_91453
035 _a(NLR Aleph) 001221282
090 _a140046
_c140046
100 _a20080602d2008 |||y0rusy50 ca
101 0 _arus
_aeng
102 _aRU
105 _aa |||||||||
200 1 _aГрамматика английского языка
_eкнига для родителей
_eк учебнику И. Н. Верещагиной и др. "Английский язык: 2 класс" (М.: Просвещение)
_e2 класс
_fЕ. А. Барашкова
205 _aИзд. 5-е, стер.
210 _aМосква
_cЭкзамен
_d2008
215 _a62, [1] с.
_d21
225 1 _aУчебно-методический комплект
_eУМК
225 1 _aEnglish
_e2
300 _aНа обл. подзаг.: К учебнику И. Н. Верещагиной, К. А. Бондаренко, Т. А. Притыкиной "English 2"
422 0 _12001#$aАнглийский язык$eучебник для 2 класса школ с углубленным изучением английского языка, лицеев и гимназий$e2-й год обучения$fИ. Н. Верещагина, К. А. Бондаренко, Т. А. Притыкиной
_tАнглийский язык
606 1 _aАнглийский язык
_jУчебно-методические пособия
_xГрамматика
_xПреподавание
_xНачальная школа
_92464456
_3RU\NLR\auth\661464139
606 1 _aАнглийский язык
_jУчебно-методические пособия
_xОбучение в семье
_9971032
_3RU\NLR\auth\6645375
606 1 _aАнглийский язык
_jУчебные издания для начальной школы
_9972309
_3RU\NLR\auth\6646032
686 _aЧ491.7(англ)я7
686 _aЧ426.179Ан2(2),01я7
686 _aШ143.21-93рус21[2]
700 1 _4070
_8rus
_7ca
_aБарашкова
_bЕ. А.
_gЕлена Александровна
_3RU\NLR\AUTH\7796501
_979427
801 0 _aRU
_bNLR
_c20080602
_gRCR
801 1 _aRU
_bNLR
_c20080602
942 _cBOOK
980 _aNB